The microbiological assay of the vitamin B-complex and amino acids.

Bibliographic Details
Main Author: Barton-Wright, E. C. (Eustace Cecil), 1902-
Format: Book
Language:English
Published: New York : Pitman Pub. Corp., [1952]
Subjects:

MARC

Tag First Indicator Second Indicator Subfields
LEADER 00000cam a2200000 4500
001 in00000047337
005 20151007071431.0
008 770328s1952 nyua 00000 enge
010 |a  53009371  
035 |a (OCoLC)02841902 
035 |9 AAE5957AM 
040 |a DLC  |c CHS  |d CHS  |d TXA  |d UtOrBLW 
049 |a TXAM  |c [220843] 
050 0 0 |a RS190.V5  |b B3 
082 0 |a 574.19 
092 |a 574.19  |b B293m 
100 1 |a Barton-Wright, E. C.  |q (Eustace Cecil),  |d 1902- 
245 1 4 |a The microbiological assay of the vitamin B-complex and amino acids. 
264 1 |a New York :  |b Pitman Pub. Corp.,  |c [1952] 
300 |a 179 pages :  |b illustrations ;  |c 23 cm. 
336 |a text  |b txt  |2 rdacontent 
337 |a unmediated  |b n  |2 rdamedia 
338 |a volume  |b nc  |2 rdacarrier 
650 0 |a Vitamins. 
650 0 |a Amino acids. 
650 0 |a Biological assay. 
999 |a MARS 
999 f f |s 4df8306d-08c9-376b-82c6-63e95b6f1a5a  |i a61a5cc5-46f4-3cdd-88d8-78d2e3148f5e  |t 0 
952 f f |p ric  |a Texas A&M University  |b Rellis Campus  |c Joint Library Facility  |d Remote Storage  |t 0  |e RS190.V5 B3  |h Library of Congress classification  |i unmediated -- volume  |m A14800973048 
998 f f |a RS190.V5 B3  |t 0  |l Remote Storage